| 000 | 00519cam a2200181 4500 | ||
|---|---|---|---|
| 001 | 45434 | ||
| 090 | _a45434 | ||
| 100 | _a19890506d1941 m y0pory5003 ba | ||
| 101 | 0 | _apor | |
| 102 | _aPT | ||
| 200 | 1 |
_aBases da alimentacão racional _fpor Ferreira de Mira |
|
| 210 | 9 |
_aLisboa _cEdições Cosmos, _dimp. 1941 |
|
| 215 |
_a125, [3] p. _d19 cm |
||
| 225 | 2 |
_aBiblioteca Cosmos _v10. _h1.ª secção _iCiências e Técnicas _v2 |
|
| 675 | _a613.2 | ||
| 700 | 1 |
_aMira, _bM. Ferreira de, _f1875-1953 |
|
| 801 | 0 |
_aPT _bBN _gRPC |
|
| 990 | _cLIVROS | ||